Statistics for Best Selling Artists by Decade

Click here to take the quiz!

General Stats

  • This quiz has been taken 748 times
  • The average score is 39 of 90

Answer Stats

Sales2010s% Correct
378 mThe Beatles
96%
182 m | 79 mMichael Jackson
88%
111 m | 73 mThe Rolling Stones
78%
51 mBeyoncé
77%
132 mElvis Presley
74%
132 m | 38 m | 67 mMadonna
73%
124 m | 39 mEminem
68%
66 mJustin Bieber
68%
64 mTaylor Swift
67%
129 mElton John
64%
108 m | 130 mQueen
61%
80 mNirvana
59%
56 mRihanna
59%
62 mBritney Spears
58%
139 m | 58 mLed Zeppelin
57%
48 mPink
57%
73 mAdele
56%
35 mKaty Perry
56%
68 m | 85 mAC/DC
53%
61 mEd Sheeran
53%
30 mLady Gaga
53%
75 mBackstreet Boys
52%
52 mDrake
52%
70 mGeorge Michael / Wham
52%
65 m | 75 mMetallica
51%
144 mMariah Carey
50%
172 m | 22 mPink Floyd
50%
93 mPrince
50%
112 m | 38 mU2
49%
88 mWhitney Houston
49%
126 mABBA
48%
33 mAriana Grande
44%
163 mEagles
43%
57 mGuns N’ Roses
43%
44 mOne Direction
42%
105 m | 27 mBee Gees
41%
160 mCeline Dion
40%
79 mBon Jovi
39%
82 mBruce Springsteen
39%
66 mColdplay
38%
69 mDavid Bowie
37%
95 mFleetwood Mac
35%
65 mThe Police
34%
73 mBob Dylan
33%
47 mOasis
33%
47 mSpice Girls
33%
62 m | 72 mBilly Joel
32%
52 mBruno Mars
32%
38 mMaroon 5
31%
18 mStevie Wonder
31%
72 mThe Doors
31%
119 mPhil Collins
29%
56 mRed Hot Chili Peppers
28%
15 mCher
27%
46 mBlack Eyed Peas
26%
90 mSimon & Garfunkel
26%
108 mGarth Brooks
25%
35 mThe Weeknd
25%
48 mRobbie Williams
24%
61 mJourney
22%
56 mBTS
21%
52 mCreedence Clearwater Revival
21%
48 mNorah Jones
20%
109 mRod Stewart
20%
66 mShania Twain
20%
108 mBob Marley
18%
68 mLinkin Park
18%
50 mAlanis Morissette
17%
31 mBarbra Streisand
17%
46 mNickelback
17%
68 mDire Straits
15%
17 m | 76 mSantana
15%
43 mAlicia Keys
14%
42 mMichael Bublé
10%
40 mAyumi Hamasaki
2%
30 mJohnny Hallyday
2%

Score Distribution

Percentile by Number Answered

Percent of People with Each Score

Your Score History

You have not taken this quiz